「馬」がつく駅名 - Statistics

General Stats
  • This quiz has been taken 30 times
  • The average score is 17 of 56
Answer Stats
Hint Answer % Correct
東京都 高田馬場
77%
千葉県 馬橋
62%
東京都 新馬場
54%
東京都 馬喰町
54%
東京都 馬喰横山
50%
東京都 府中競馬正門前
50%
京都府 馬堀
46%
福岡県 競馬場前
46%
北海道 競馬場前
46%
東京都 馬込
46%
神奈川県 馬堀海岸
42%
京都府 鞍馬
38%
群馬県 群馬藤岡
38%
愛知県 中京競馬場前
38%
東京都 西馬込
38%
神奈川県 馬車道
38%
群馬県 群馬総社
35%
群馬県 群馬原町
35%
長野県 洗馬
35%
宮城県 下馬
31%
福島県 相馬
31%
東京都 練馬
31%
千葉県 船橋競馬場
31%
東京都 大井競馬場前
27%
京都府 鞍馬口
27%
群馬県 群馬八幡
27%
長野県 白馬
27%
鳥取県 馬場崎町
27%
静岡県 曳馬
27%
千葉県 馬来田
27%
兵庫県 有馬温泉
23%
兵庫県 有馬口
23%
静岡県 出馬
23%
千葉県 馬立
23%
群馬県 群馬大津
23%
東京都 小伝馬町
23%
東京都 東武練馬
23%
東京都 練馬高野台
23%
福岡県 馬出九大病院前
23%
千葉県 馬込沢
23%
長野県 馬流
23%
愛知県 熱田神宮伝馬町
19%
三重県 馬道
19%
東京都 練馬春日町
19%
新潟県 馬下
19%
島根県 馬路
19%
福岡県 馬田
19%
滋賀県 松ノ馬場
19%
鹿児島県 高見馬場
15%
奈良県 但馬
15%
長野県 白馬大池
15%
北海道 美馬牛
15%
熊本県 洗馬橋
12%
石川県 馬替
12%
群馬県 馬庭
8%
熊本県 八丁馬場
4%
No matching quizzes found
Score Distribution
Percent of People with Each Score
Percentile by Number Answered
Your Score History
You have not taken this quiz